[Event "Oleksandr Stadnyk Memorial 2020"]
[Site "Chortkiv"]
[Date "2020.12.09"]
[Round "6.1"]
[White "Polishchuk, Oleg"]
[Black "Vakulenko, Oleksandr"]
[Result "0-1"]
[WhiteElo "2155"]
[BlackElo "2245"]
[Annotator "RC"]
[PlyCount "86"]
[EventDate "2020.12.07"]
[EventType "tourn"]
[EventCountry "UKR"]
[SourceTitle "playchess.com"]
[Source "ChessBase"]
[SourceQuality "1"]
[TimeControl "5400+30"]

1. d4 d5 2. c4 e6 3. Nc3 c6 4. Nf3 Nf6 5. Bg5 h6 6. Bxf6 Qxf6 {[%emt 0:02:31]} 7. e3 {[%emt 0:02:47]} g6 {[%emt 0:07:46]} 8. Rc1 {[%emt 0:00:13]} Nd7 {[%emt 0:02:17]} 9. Bd3 {[%emt 0:02:29]} Bg7 {[%emt 0:01:15]} 10. O-O {[%emt 0:00:13]} O-O {[%emt 0:00:58]} 11. cxd5 {[%emt 0:03:01]} exd5 {[%emt 0:00:44]} 12. b4 {[%emt 0:00:06]} Qd6 {[%emt 0:09:16]} 13. Qb3 {[%emt 0:02:52]} b5 {[%emt 0:09:20]} 14. e4 {[%emt 0:02:51]} dxe4 {[%emt 0:12:52]} 15. Nxe4 {[%emt 0:05:02]} Qf4 {[%emt 0:00:20]} 16. Rfe1 {[%emt 0:07:18]} Bb7 {[%emt 0:02:48]} 17. Nc5 {[%emt 0:00:30]} Nxc5 {[%emt 0:03:48]} 18. dxc5 {[%emt 0:02:15]} Kh8 19. Rcd1 Rae8 {[%emt 0:04:58]} 20. Bf1 {[%emt 0:00:49]} Rxe1 {[%emt 0:05:29]} 21. Rxe1 {[%emt 0:00:09]} Bc8 {[%emt 0:00:43]} 22. g3 {[%emt 0:03:01]} Qc7 {[%emt 0:02:10]} 23. Nh4 {[%emt 0:07:29]} g5 {[%emt 0:02:14]} 24. Nf3 {[%emt 0:00:33]} Be6 {[%emt 0:00:16]} 25. Qa3 {[%emt 0:01:12]} a5 {[%emt 0:00:55]} 26. h4 {[%emt 0:00:48]} g4 {[%emt 0:02:16]} 27. Nd2 {[%emt 0:00:35]} axb4 {[%emt 0:01:11]} 28. Qxb4 {[%emt 0:00:15]} Ra8 {[%emt 0:01:02]} 29. Ne4 {[%emt 0:00:24]} Ra4 {[%emt 0:01:29]} 30. Qb1 {[%emt 0:01:41]} Bxa2 {[%emt 0:03:42]} 31. Qd1 {[%emt 0:00:44]} Be6 {[%emt 0:00:57]} 32. Nd6 {[%emt 0:00:20]} Ra1 {[%emt 0:05:12]} 33. Qe2 {[%emt 0:01:18]} Rxe1 {[%emt 0:03:51]} 34. Qxe1 {[%emt 0:00:02]} Qa7 {[%emt 0:00:27]} 35. Qc1 {[%emt 0:01:13]} b4 {[%emt 0:04:23]} 36. Ne8 {[%emt 0:02:41]} Qa1 {[%emt 0:01:18]} 37. Qf4 {[%emt 0:00:02]} b3 {[%emt 0:01:10]} 38. Qb8 {[%emt 0:00:05]} Be5 {[%emt 0:02:31]} 39. Qd8 {[%emt 0:01:39]} Qd4 {[%emt 0:01:04]} 40. Nd6+ {[%emt 0:01:04]} Kh7 {[%emt 0:00:28]} 41. Qe7 {[%emt 0:01:33]} Bxg3 {[%emt 0:01:32]} 42. Ne4 {[%emt 0:00:01]} Qxe4 {[%emt 0:00:41]} 43. fxg3 {[%emt 0:00:02]} b2 0-1

[Event "Oleksandr Stadnyk Memorial 2020"]
[Site "Chortkiv"]
[Date "2020.12.09"]
[Round "6.2"]
[White "Hulka, Valentyn"]
[Black "Medvedyk, Volodymyr"]
[Result "1/2-1/2"]
[WhiteElo "1991"]
[BlackElo "2205"]
[Annotator "RC"]
[PlyCount "55"]
[EventDate "2020.12.07"]
[EventType "tourn"]
[EventCountry "UKR"]
[SourceTitle "playchess.com"]
[Source "ChessBase"]
[SourceQuality "1"]
[TimeControl "5400+30"]

1. e4 {[%emt 0:00:00]} e5 {[%emt 0:01:22]} 2. Nf3 {[%emt 0:00:00]} Nc6 {[%emt 0:00:03]} 3. Bb5 {[%emt 0:00:00]} a6 {[%emt 0:00:07]} 4. Ba4 {[%emt 0:00:00]} b5 {[%emt 0:00:13]} 5. Bb3 {[%emt 0:00:00]} g6 {[%emt 0:00:07]} 6. d4 {[%emt 0:00:00]} exd4 {[%emt 0:00:04]} 7. a4 {[%emt 0:00:00]} b4 {[%emt 0:02:05]} 8. Nxd4 {[%emt 0:00:02]} Na5 {[%emt 0:00:31]} 9. Bd5 {[%emt 0:00:06]} c6 {[%emt 0:01:03]} 10. Ba2 {[%emt 0:00:04]} Bg7 {[%emt 0:03:40]} 11. O-O {[%emt 0:03:40]} Ne7 {[%emt 0:06:00]} 12. c3 {[%emt 0:00:05]} c5 {[%emt 0:02:38]} 13. cxb4 {[%emt 0:00:10]} cxd4 {[%emt 0:12:31]} 14. bxa5 {[%emt 0:00:10]} O-O {[%emt 0:01:40]} 15. Nd2 {[%emt 0:02:22]} d5 {[%emt 0:05:28]} 16. exd5 {[%emt 0:02:34]} Nxd5 {[%emt 0:00:45]} 17. Ne4 {[%emt 0:04:56]} Nb4 {[%emt 0:19:28]} 18. Bb3 {[%emt 0:01:50]} Qxa5 {[%emt 0:18:02]} 19. Nd6 {[%emt 0:02:39]} Be6 {[%emt 0:03:14]} 20. Bxe6 {[%emt 0:00:53]} fxe6 {[%emt 0:00:01]} 21. Bd2 {[%emt 0:02:07]} Rab8 {[%emt 0:04:30]} 22. Qe1 {[%emt 0:00:21]} e5 {[%emt 0:01:15]} 23. Rc1 {[%emt 0:04:04]} Qb6 {[%emt 0:06:12]} 24. Nc4 {[%emt 0:00:34]} Qb7 {[%emt 0:01:28]} 25. Nd6 {[%emt 0:01:14]} Qb6 {[%emt 0:01:25]} 26. Nc4 {[%emt 0:01:44]} Qb7 {[%emt 0:00:50]} 27. Nd6 {[%emt 0:01:18]} Qb6 {[%emt 0:00:56]} 28. Nc4 1/2-1/2

[Event "Oleksandr Stadnyk Memorial 2020"]
[Site "Chortkiv"]
[Date "2020.12.09"]
[Round "6.3"]
[White "Lozynskyi, Bohdan"]
[Black "Yaniuk, Volodymyr"]
[Result "0-1"]
[WhiteElo "2077"]
[BlackElo "2233"]
[Annotator "TA"]
[PlyCount "74"]
[EventDate "2020.12.07"]
[EventType "tourn"]
[EventCountry "UKR"]
[SourceTitle "playchess.com"]
[Source "ChessBase"]
[SourceQuality "1"]

{[%evp 17,74,0,0,0,0,0,0,0,8,0,0,0,0,0,18,9,16,0,0,0,0,-17,-12,-56,-45,-28,-33,-38,-32,-129,-125,-138,-145,-133,-119,-596,-597,-924,-954,-958,-946,-936,-807,-920,-845,-922,-777,-1057,-1057,-948,-1054,-1047,-1047,-1039,-1039,-1001,-962,-1012,-1012]} 1. e4 e5 2. Nf3 Nc6 3. Bc4 Bc5 4. c3 Nf6 5. d4 exd4 6. e5 d5 7. Bb5 Ne4 8. cxd4 Bb6 9. Nc3 O-O 10. Be3 {C54: Giuoco Piano: 4 c3 Nf6, main lines with 5 d4 and 5 d3.} Bg4 11. h3 Bh5 12. Qc2 {The position is equal.} Bg6 13. Qb3 Ne7 14. O-O c6 {Hoping for ...Nxc3.} 15. Bd3 Qd7 {[#]} 16. Rfd1 $146 ({Predecessor:} 16. Rfe1 Nxc3 17. Qxc3 Bxd3 18. Qxd3 Ng6 19. Bd2 f6 20. e6 Qd6 21. Re2 Rfe8 22. Rae1 {0-1 (54) Aronian,L (2773)-Carlsen,M (2863) chess24.com INT 2020}) 16... Nxc3 17. Qxc3 Bxd3 18. Qxd3 Ng6 19. b4 f6 20. a4 (20. b5 $5) 20... Rae8 {[%cal Rf6e5]} 21. exf6 Rxf6 22. Bg5 Rf5 {aiming for ...Ref8.} 23. b5 (23. Qc3 $15) 23... Ref8 $1 $17 24. bxc6 bxc6 25. Ra3 Bc7 26. Qe2 $2 {[%mdl 8192] [#] This costs White the game.} (26. Rb3 $17) 26... Qd6 $1 $19 {Black is clearly winning.} 27. Bc1 {[#]} Rxf3 $1 {[%mdl 512]} 28. Qxf3 (28. Rxf3 Qh2+) 28... Rxf3 29. Rxf3 Qh2+ 30. Kf1 {[#]} Nh4 $1 {[%mdl 64] Double Attack} 31. Re3 Nxg2 32. Re7 Bb6 33. a5 Bxa5 34. Rxa7 Qxh3 {( -> ...Nf4+)} 35. Rxa5 Ne3+ 36. Ke2 Nxd1 37. Kxd1 Qf1+ {Weighted Error Value: White=0.60/Black=0.07} 0-1

[Event "Oleksandr Stadnyk Memorial 2020"]
[Site "Chortkiv"]
[Date "2020.12.10"]
[Round "7.1"]
[White "Lozynskyi, Bohdan"]
[Black "Polishchuk, Oleg"]
[Result "1/2-1/2"]
[WhiteElo "2077"]
[BlackElo "2155"]
[Annotator "TA"]
[PlyCount "123"]
[EventDate "2020.12.07"]
[EventType "tourn"]
[EventCountry "UKR"]
[SourceTitle "playchess.com"]
[Source "ChessBase"]
[SourceQuality "1"]

{[%evp 9,123,3,2,11,8,8,7,19,14,0,-12,-3,0,2,8,0,140,133,133,129,504,478,498,258,252,223,388,391,394,396,358,225,202,7,3,14,10,10,10,23,23,22,102,20,182,175,184,179,197,197,178,166,176,174,264,66,59,48,48,48,48,48,48,48,80,48,48,48,48,48,48,48,48,0,0,0,0,0,54,0,0,0,0,0,0,0,0,0,0,0,0,0,0,0,0,0,0,0,0,0,0,0,0,0,0,0,0,0,0,0,0,0,0,0,0,0]} 1. e4 g6 2. Be2 Bg7 3. f4 d5 4. d3 c5 5. Nf3 Nc6 6. O-O {B06: Modern Defence.} e6 7. c3 Nge7 8. Be3 b6 9. Na3 {Recently 9.e5 got a lot of attention.} O-O 10. Nc2 {[#]} dxe4 $146 ({Predecessor:} 10... Ba6 11. e5 Qd7 12. a3 Rac8 13. b4 d4 14. cxd4 cxb4 15. axb4 Bb7 16. Qd2 Nd5 {0-1 (76) Kovalev,V (2683)-Carlsson,P (2463) St Petersburg 2018}) 11. dxe4 Bb7 12. Qe1 e5 (12... Na5 $11 {remains equal.}) 13. Rd1 $16 Qc7 14. Qh4 exf4 $2 {[%mdl 8192]} (14... f6 $16) 15. Bxf4 $18 Ne5 16. Nxe5 (16. Bxe5 Bxe5 17. Ng5 Bxh2+ 18. Qxh2 Qxh2+ 19. Kxh2 Bc6 $18) (16. Ne3 $142) 16... Bxe5 17. Bh6 Bg7 $2 (17... Bc6 {keeps fighting.} 18. Ne3 (18. Bxf8 Rxf8 19. Ne3 h5 $18) 18... b5) 18. Bxg7 Kxg7 19. Qf6+ $1 Kg8 20. Bc4 {[%cal Rc4f7]} Nc6 21. Bxf7+ $2 (21. Rd6 $18 {Ne3 is the strong threat.} Na5 22. Bb5) 21... Rxf7 $11 22. Qxf7+ Qxf7 23. Rxf7 Kxf7 24. Rd7+ {[%mdl 64] Double Attack} Kf6 {White must now prevent ...Rd8.} 25. Rxb7 {[%mdl 4096] Endgame KRN-KRN} h5 {[#]} (25... Rd8 $1 $11 26. Ne3 (26. Rxh7 $2 Rd1+ 27. Kf2 Rd2+ {[%mdl 64] Double Attack} 28. Kg3 Rxc2 $19) 26... Ke5) 26. Ne3 (26. Rc7 $1 $16 {[%cal Rc7c6]} Ne5 27. Ne3) 26... Rd8 $2 (26... Ke5 $11 {and Black is okay.}) 27. Rc7 $18 Ne5 {[#]} 28. Nd5+ $1 ({Much less strong is} 28. Rxa7 Rd3 $16) 28... Kg5 29. Rxa7 Nc4 30. b3 Nd2 31. Re7 Nxe4 (31... h4 {might work better.} 32. Re5+ (32. Nxb6 Rf8 $11) 32... Kh6) 32. Rxe4 $2 ({White should try} 32. Re5+ $18 Kh6 33. c4) 32... Rxd5 {KR-KR} 33. Kf2 Kf5 34. Re2 Rd3 35. c4 g5 36. Ke1 g4 37. g3 h4 38. gxh4 Rh3 39. Kd1 Rxh4 40. Kc2 Rh7 41. Kb2 Kf4 42. Rc2 Ke3 43. a4 Rf7 (43... Ra7 $11) 44. Rc3+ (44. Rg2 $14) 44... Ke4 $11 {The position is equal.} 45. Rc2 Rf1 46. Ka3 Ra1+ 47. Ra2 Rf1 48. a5 bxa5 49. Ka4 Rb1 50. Re2+ Kf4 51. Rd2 Ke3 52. Rc2 Kf3 53. Rc3+ Kf4 54. Rc2 Ke4 55. Ra2 Kf3 56. Kb5 Rxb3+ 57. Kxc5 a4 58. Kd6 a3 59. c5 Rb2 60. Rxa3+ Kf4 61. c6 Rxh2 62. c7 {Black defended with fortune.  Weighted Error Value: White=0.27/Black=0.32} 1/2-1/2

[Event "Oleksandr Stadnyk Memorial 2020"]
[Site "Chortkiv"]
[Date "2020.12.10"]
[Round "7.2"]
[White "Yaniuk, Volodymyr"]
[Black "Hulka, Valentyn"]
[Result "1/2-1/2"]
[WhiteElo "2233"]
[BlackElo "1991"]
[Annotator "TA"]
[PlyCount "69"]
[EventDate "2020.12.07"]
[EventType "tourn"]
[EventCountry "UKR"]
[SourceTitle "playchess.com"]
[Source "ChessBase"]
[SourceQuality "1"]

{[%evp 13,69,13,43,7,20,-20,-14,-16,-14,-20,-12,-20,-28,-28,0,-64,-72,-76,-77,-101,-100,-99,-102,-104,-108,-111,-112,-112,-115,-120,-123,-122,-122,-135,-135,-164,-164,-181,-179,-179,-171,-173,-173,-168,-138,-213,-162,-238,-236,-212,0,-67,-49,-54,-75,-62,-25,-33]} 1. d4 Nf6 2. c4 g6 3. Nc3 d5 4. Bg5 Ne4 5. Bh4 Nxc3 6. bxc3 dxc4 7. e3 Be6 8. Be2 {D80: Grünfeld: Unusual White 4th moves and 4 Bg5.} (8. Nf3 {keeps more tension.} c6 9. Be2 Nd7 10. O-O Bg7 11. Nd2) 8... Nd7 {[%cal Bb8d7,Bd7b6,Bb6d5,Bd5c3][%mdl 32]} 9. Nh3 {[#]} Bxh3 $146 ({Predecessor:} 9... Bh6 10. a4 a5 11. Ng5 Bd5 12. O-O f6 13. Nf3 Nb6 14. Nd2 O-O 15. e4 Bf7 {0-1 (48) Yaniuk,V (2233)-Shahade,G (2476) chess.com INT 2020}) 10. gxh3 {The position is equal.} Nb6 11. O-O Bg7 12. Bf3 c6 13. a4 Nd5 14. Qb1 (14. Qe2 $11) 14... Qd7 $15 15. Bg3 Nxc3 16. Qc2 Qf5 17. Qxf5 gxf5 18. Rfc1 Ne4 19. Bxe4 fxe4 20. Rxc4 O-O-O 21. Rb1 Rd5 22. Kf1 Rhd8 23. Ke2 f5 24. Bh4 {[#]} R8d7 $1 25. f3 {[#]} exf3+ $1 26. Kxf3 e5 27. dxe5 Bxe5 28. Bg3 Bc7 29. Rh4 (29. Rbc1 $17) 29... Re7 30. Rb3 (30. Rc4 {was worth a try.}) 30... b5 $19 31. Rc3 Kd7 $2 ({Black should play} 31... Kb7 $19 {...Bb6 is the strong threat.} 32. axb5 cxb5 33. Rxc7+ Rxc7 34. Bxc7 Kxc7 35. Rxh7+ Rd7) 32. Bxc7 (32. axb5 $11 Rxb5 33. Rd4+ Ke8 34. Rxc6 Bxg3 35. hxg3) 32... Kxc7 $15 33. axb5 Rxb5 34. Rh6 Rb6 35. Rf6 {Weighted Error Value: White=0.20/Black=0.16} 1/2-1/2

[Event "Oleksandr Stadnyk Memorial 2020"]
[Site "Chortkiv"]
[Date "2020.12.10"]
[Round "7.3"]
[White "Medvedyk, Volodymyr"]
[Black "Vakulenko, Oleksandr"]
[Result "0-1"]
[WhiteElo "2205"]
[BlackElo "2245"]
[Annotator "TA"]
[PlyCount "120"]
[EventDate "2020.12.07"]
[EventType "tourn"]
[EventCountry "UKR"]
[SourceTitle "playchess.com"]
[Source "ChessBase"]
[SourceQuality "1"]

{[%evp 14,120,23,20,26,16,43,29,35,26,24,28,34,17,25,16,39,28,31,38,49,39,42,37,36,49,118,-3,11,-35,-35,-35,-31,-139,-143,-126,-9,-86,-74,-84,-77,-383,-365,-562,-497,-518,-519,-1144,-1100,-29968,-29969,-29966,-6008,-1669,-369,-1009,-373,-370,-367,-327,-295,-420,-424,-401,-469,-447,-414,-390,-370,-516,-395,-630,-569,-1211,-1224,-1090,-1122,-1856,-1862,-29976,-12215,-29985,-29984,-29986,-29980,-29983,-29984,-29986,-29986,-29986,-29985,-29987,-6320,-5381,-5223,-29986,-29976,-29987,-29977,-29977,-29977,-29975,-29963,-29982,-29983,-29983,-29984,-29986,-29987]} 1. c4 e6 2. g3 d5 3. Bg2 Nf6 4. Nf3 dxc4 5. Qa4+ Nbd7 6. Qxc4 a6 7. Qc2 c5 8. Nc3 Qc7 {A13: English Opening: 1...e6.} 9. O-O b5 10. a4 b4 {White has an edge.} 11. Nb1 {[%cal Bc3b1,Bb1d2,Bd2c4,Bc4e5][%mdl 32]} Bb7 12. d3 a5 {[#]} 13. Nbd2 $146 ({Predecessor:} 13. Bg5 Be7 14. Nbd2 Nd5 15. Bxe7 Nxe7 16. Rfc1 O-O 17. Nb3 Rfc8 18. Nfd2 Bxg2 19. Kxg2 {1-0 (49) Maletin,P (2571)-Nakhbayeva,G (2378) Pavlodar 2014}) 13... Be7 14. Nc4 Nd5 15. e4 N5b6 16. Bf4 Qc6 17. Nfe5 Nxe5 18. Nxe5 Qc8 19. Rfc1 Qd8 (19... f6 $14) 20. Bh3 ({Only move:} 20. d4 $1 $16 {[%cal Rd4c5]} c4 21. Nxc4) 20... Nd7 21. d4 Nxe5 22. Bxe5 f6 23. dxc5 (23. Bf4 $15 g5 24. Bd2) 23... fxe5 $17 24. Bxe6 Ra6 (24... Bc6 $17 25. Rd1 Qc7) 25. Qc4 (25. Rd1 $11 Rxe6 26. Rxd8+ Bxd8 27. Rd1) 25... Qd4 26. Qb5+ {[%mdl 64] Double Attack} Bc6 27. Qxa6 $4 {[%mdl 8192] White does not recover from this.} (27. Qb8+ $17 Bd8 28. Rd1) 27... Qxe4 $19 {[%csl Gc6][%cal Re4h1]} 28. Kf1 {[#]} (28. Qc8+ {was worth a try.} Bd8 29. Qxc6+ Qxc6 30. Bc4) 28... Rf8 $1 {[%mdl 512]} 29. Rc2 ({Don't blunder} 29. Qc8+ $2 Bd8) 29... Bxc5 $1 ({Less strong is} 29... Qh1+ 30. Ke2 $17) 30. f4 (30. Re1 $142 Qg2+ {[%mdl 64] Double Attack} 31. Ke2 Rxf2+ 32. Kd1 Rxc2 33. Qc8+ Ke7 34. Qc7+ Kxe6 35. Qxe5+ Kd7 36. Qf5+ Kc7 37. Qxc2 Qf3+ 38. Kd2 Qf2+ 39. Re2 Qd4+ 40. Kc1) 30... Ke7 {( -> ...Qh1+)} 31. Rxc5 Qh1+ $1 {[%mdl 64] Double Attack} 32. Ke2 Qxh2+ {[%mdl 64] Double Attack} (32... Qe4+ $2 33. Kf2 $19) 33. Kd1 Qg1+ $2 (33... Rd8+ 34. Bd5 Bxd5 35. Rxd5 Rxd5+ 36. Ke1 Qxb2 37. Qa7+ Kf6 38. Qa6+ Kf5 $1 {[%mdl 512]} 39. g4+ Kxf4 40. Qf1+ Kxg4 41. Qg1+ Kf4 42. Qf1+ Kg5 43. Qg1+ Kf5 44. Qf1+ Kg5 45. Qg1+ Kf6 46. Qf2+ Qxf2+ 47. Kxf2 Rd4) 34. Ke2 $2 (34. Kc2 Qxc5+ 35. Qc4 Qxc4+ 36. Bxc4 exf4 37. gxf4) 34... Qxc5 $2 (34... Qg2+ 35. Kd1 Rd8+ 36. Bd5 Bxd5 37. Rxd5 Rxd5+ 38. Ke1 Qxb2 39. Qa7+ Kf6 40. Qa6+ {[#]} Kf5 $1 {[%mdl 512]} 41. Qc8+ Ke4 $1 {[%mdl 512]} 42. Qc4+ Rd4 43. Qe2+ Qxe2+ 44. Kxe2 exf4 45. gxf4 b3) 35. Qc4 Qxc4+ 36. Bxc4 exf4 {[%mdl 4096] Endgame KRB-KRB} 37. g4 (37. Rg1 $142) 37... f3+ 38. Kf2 Rf4 39. Bb5 Bd5 40. Rd1 {Kg3 is the strong threat.} Kd6 41. Kg3 Re4 42. b3 (42. Rd3 $142 g5 43. Rd2) 42... Ke5 43. Rd3 Re2 44. Kh3 Rb2 45. Bc4 Be4 46. Rd7 g5 47. Kg3 Rg2+ 48. Kh3 Rg1 49. Rf7 Kd4 50. Re7 f2 51. Rf7 Ke3 52. Rf6 Bf3 (52... Bg2+ $142 53. Kh2 f1=R 54. Bxf1 Rxf1 55. Rd6 Bf3 56. Rd8 Kf4 57. Rd4+ Be4 58. Rxe4+ {[%mdl 64] Remove Defender} Kxe4 59. Kg3 Ke3 60. Kg2 Rd1 61. Kg3 Rg1+ 62. Kh3 Kf2 63. Kh2 Rxg4 64. Kh3 Rh4#) 53. Re6+ Kd2 54. Re5 Bxg4+ {Black mates.} 55. Kh2 f1=Q 56. Bxf1 Rxf1 57. Rxg5 Bd1 58. Rxa5 Bxb3 59. Rb5 Kc3 60. a5 Bc4 {Weighted Error Value: White=0.97/Black=0.39} 0-1

[Event "Oleksandr Stadnyk Memorial 2020"]
[Site "Chortkiv"]
[Date "2020.12.10"]
[Round "8.1"]
[White "Polishchuk, Oleg"]
[Black "Medvedyk, Volodymyr"]
[Result "1-0"]
[WhiteElo "2155"]
[BlackElo "2205"]
[Annotator "TA"]
[PlyCount "69"]
[EventDate "2020.12.07"]
[EventType "tourn"]
[EventCountry "UKR"]
[SourceTitle "playchess.com"]
[Source "ChessBase"]
[SourceQuality "1"]

{[%evp 9,69,45,50,42,39,41,49,46,54,27,31,23,21,6,66,40,38,38,50,0,43,-61,-64,-66,-66,-56,-44,-22,-16,-16,-6,-38,-45,-43,0,0,2,0,30,52,822,781,852,857,971,698,895,864,1249,1243,1421,1430,1659,1530,29962,29963,1890,1708,29986,29987,29986,29980]} 1. d4 Nf6 2. c4 d6 3. Nc3 e5 4. d5 g6 5. e4 Bg7 6. Be2 {A42: Modern Defence: Averbakh Variation.} a5 7. h4 Na6 8. h5 {White is slightly better.} Nc5 {[#]} 9. h6 $146 ({Predecessor:} 9. hxg6 hxg6 10. Rxh8+ Bxh8 11. Bg5 c6 12. Qc2 cxd5 13. cxd5 Bd7 14. Nf3 Rc8 15. Nd2 {0-1 (41) Gareyev,T (2611)-Cheng,B (2496) Gold Coast 2018}) 9... Bf8 10. Qc2 Be7 11. Be3 Ng4 (11... b6 $11) 12. Bxg4 Bxg4 13. f3 Bd7 14. Nge2 (14. Bxc5 $5 dxc5 15. O-O-O $11) 14... f5 15. O-O-O (15. Bxc5 $14 dxc5 16. O-O-O) 15... Bg5 $15 16. Qd2 Bxe3 17. Qxe3 f4 18. Qf2 a4 19. Kb1 Ra5 20. g3 fxg3 21. Qxg3 b5 22. cxb5 Bxb5 {next ...Bd3+ is good for Black.} 23. f4 Bxe2 24. Nxe2 exf4 $2 {[%mdl 8192] Black cannot hold the game after this.} (24... Qe7 $14) 25. Qc3 $18 {[%mdl 64] [#] Double Attack} Rf8 26. Qxa5 Qe7 27. Nc3 {[%cal Be2c3,Bc3b5,Bb5c7][%mdl 32]} f3 28. Rhf1 g5 29. e5 dxe5 30. Qa8+ Qd8 31. Qc6+ {[%mdl 64] [#] Double Attack} Nd7 32. Nb5 Rf6 33. Nxc7+ Ke7 34. d6+ Kf7 35. Rxf3 {Weighted Error Value: White=0.33/Black=0.57} 1-0

[Event "Oleksandr Stadnyk Memorial 2020"]
[Site "Chortkiv"]
[Date "2020.12.10"]
[Round "8.2"]
[White "Vakulenko, Oleksandr"]
[Black "Yaniuk, Volodymyr"]
[Result "1-0"]
[WhiteElo "2245"]
[BlackElo "2233"]
[Annotator "TA"]
[PlyCount "127"]
[EventDate "2020.12.07"]
[EventType "tourn"]
[EventCountry "UKR"]
[SourceTitle "playchess.com"]
[Source "ChessBase"]
[SourceQuality "1"]

{[%evp 21,127,21,31,26,22,4,12,12,17,-4,2,9,8,7,19,0,13,10,10,14,37,10,16,10,14,18,27,18,34,26,33,21,18,22,35,-6,16,0,0,-3,216,181,205,215,253,246,239,235,360,158,157,135,131,108,397,245,185,122,392,55,78,84,73,0,39,13,449,430,452,444,442,406,593,573,5202,5189,2219,868,801,780,1246,1239,1080,1112,1062,1048,1023,1004,999,846,1440,1222,29977,29973,1756,443,2650,2295,2331,2015,2380,2303,29987,29988,29988,29989,29989,29989]} 1. d4 Nf6 2. c4 e6 3. Nc3 d5 4. cxd5 exd5 5. Bg5 c6 6. e3 Be7 7. Bd3 Nbd7 8. Qc2 h6 9. Bh4 Nh5 10. Bxe7 Qxe7 11. Nge2 Nb6 12. h3 {D36: Queen's Gambit Declined: Exchange Variation: Main line (5 Bg5 c6 6 Qc2).} Bd7 13. O-O-O O-O-O 14. Kb1 {The position is equal.} Kb8 15. Rc1 Rhe8 16. g4 Nf6 17. Ng3 g6 18. Qb3 {[#]} h5 $146 ({Predecessor:} 18... Rc8 19. Rhd1 c5 20. dxc5 Rxc5 21. Qb4 Ne4 22. Ngxe4 dxe4 23. Qxe4 Be6 24. Qf4+ Ka8 {0-1 (53) Perera Borrego,M (2221)-Ambartsumova,K (2371) Linares 2020}) 19. g5 Ng8 20. h4 Qd6 21. Nce2 Ne7 22. a4 {[%cal Ba2a4,Ba4a5][%mdl 32]} Bg4 23. Nf4 Rc8 24. a5 Nd7 $1 25. Ka2 c5 {Strongly threatening ...c4.} 26. Qa3 a6 27. Be2 Bxe2 28. Nfxe2 Qe6 29. Nf4 Qg4 $1 30. dxc5 d4 $2 (30... Ne5 $11) 31. Ne4 $18 dxe3 32. fxe3 ({Don't go for} 32. Qxe3 $2 Nf5 $19) 32... Nf5 {[#]} 33. c6 $1 {[%mdl 512]} Rxc6 (33... bxc6 34. Rhd1) 34. Rxc6 bxc6 (34... Rxe4 $142 35. Rc3 Nxe3 36. Rxe3 Qxf4 37. Rxe4 Qxe4) 35. Nd6 (35. Qb4+ $18 {is more deadly.} Kc7 36. Rc1 $1 {[%mdl 512]}) 35... Nxd6 $16 36. Qxd6+ {[%mdl 64] Double Attack} Kb7 37. Rd1 Nb8 $2 {[%mdl 8192]} (37... Ne5 $16 {was called for.}) 38. Rd4 Qc8 39. Rb4+ ({Don't do} 39. Qc5 $6 Ka8 $14) (39. Nd3 $18 Qc7 40. Qa3) 39... Ka8 $2 {[%mdl 8192]} (39... Ka7 $16 {was necessary.}) 40. Rb6 $2 (40. Nd5 $1 $18 {[%cal Rd5c7] White wants to mate with Nc7+.} cxd5 41. Rxb8+ $1 {[%mdl 576] Deflection} Qxb8 42. Qxa6+ Qa7 43. Qc6+ {[%mdl 64] Double Attack} Qb7 44. Qxe8+ Ka7 45. b4 $1 {[%mdl 512]}) 40... Rd8 41. Qc5 $36 {[%mdl 2048] White is on the roll.} Qc7 42. Qc4 (42. Kb3 $16) 42... Qd7 (42... Qe5 $5 {[%cal Re5a5]} 43. Rb3 Qxa5+ 44. Ra3 Qf5 $11) 43. e4 Re8 $2 {[%mdl 8192] White stays focused until the end.} (43... Qd4 $1 $11 44. Rb4 Qd6) 44. Nd3 $18 Qe6 45. Qxe6 Rxe6 {[%mdl 4096] Endgame KRN-KRN} 46. Nc5 $1 {[%csl LRa6,LRe6][%mdl 64] Double Attack} Rd6 (46... Re7 $142 47. Kb3 (47. Nxa6 Nxa6 48. Rxa6+ Kb7 $14) 47... Ra7) 47. Rb7 f6 48. gxf6 Rxf6 {[#]} 49. Rg7 (49. Rxb8+ $142 $1 {[%mdl 512]} Kxb8 50. Nd7+ {[%mdl 64] Double Attack} Kc7 51. Nxf6) 49... Rf4 50. e5 Rf5 51. Na4 {[%cal Ra4b6]} Nd7 52. Rxd7 Rxe5 {KRN-KR} 53. b4 Re4 54. Kb3 Rxh4 55. Rd6 Rg4 56. Rxc6 h4 57. Rxa6+ Kb8 58. Nb6 (58. Rb6+ $142 Ka8 59. Rd6 Rg3+ 60. Kc4) 58... h3 (58... Kb7 $142 59. Ra8 Rg5) 59. Ra8+ Kb7 60. Rh8 Rg3+ 61. Ka4 g5 62. Kb5 {White mates.} Kc7 63. a6 Ra3 64. Na4 {Weighted Error Value: White=0.50/Black=0.70} 1-0

[Event "Oleksandr Stadnyk Memorial 2020"]
[Site "Chortkiv"]
[Date "2020.12.10"]
[Round "8.3"]
[White "Hulka, Valentyn"]
[Black "Lozynskyi, Bohdan"]
[Result "1-0"]
[WhiteElo "1991"]
[BlackElo "2077"]
[Annotator "TA"]
[PlyCount "43"]
[EventDate "2020.12.07"]
[EventType "tourn"]
[EventCountry "UKR"]
[SourceTitle "playchess.com"]
[Source "ChessBase"]
[SourceQuality "1"]

{[%evp 10,43,56,70,66,63,66,64,58,60,69,38,62,22,19,18,37,0,0,0,0,0,0,0,0,0,165,160,264,239,367,318,500,493,472,479]} 1. e4 d5 2. exd5 Qxd5 3. Nc3 Qd8 4. d4 Nf6 5. Nf3 Bg4 6. h3 Bxf3 {B01: Scandinavian Defence.} 7. Qxf3 c6 8. Be3 e6 {White is slightly better.} 9. Bd3 Nbd7 10. O-O Bd6 11. Ne2 {[%cal Bc3e2,Be2g3,Bg3f5,Bf5h6][%mdl 32]} O-O 12. c4 Re8 13. Rfd1 e5 {aiming for ...e4.} 14. Ng3 {[#]} exd4 $146 ({Predecessor:} 14... Qc7 15. Bc2 Rad8 16. c5 Bf8 17. b4 Nd5 18. Bb3 N7f6 19. dxe5 Qxe5 20. Bd4 Qf4 21. Qxf4 Nxf4 22. Bxf6 gxf6 {1-0 (59) Das,A (2482)-Piskur,M (2321) Albena 2012}) 15. Bxd4 Qc7 16. Nf5 {And now Bxf6 would win.} Bh2+ 17. Kh1 {g3 is the strong threat.} Ne5 $2 {[#]} (17... Be5 $11) 18. Nh6+ $1 $18 Kh8 (18... gxh6 $16 19. Qxf6 Re6) 19. Qf5 Nxd3 (19... c5 $142) 20. Rxd3 {Strongly threatening Qxf6!} ({Not} 20. Qxf6 Be5 $11) 20... Bf4 {[#]} (20... Ne4 {was worth a try.} 21. Qxf7 (21. Nxf7+ Kg8 $16) 21... Qxf7 22. Nxf7+ Kg8) 21. Qxf6 $1 {[%csl Gd4][%cal Rf6g7][%mdl 576] Double Attack} Bxh6 (21... gxf6 22. Bxf6#) 22. Qxh6 {Weighted Error Value: White=0.09/Black=0.52} 1-0